• 首页
  • 本馆介绍
  • 公告通知
  • 最新文献
  • 馆藏检索
  • 电子资源
  • 读者导购
  • 参考咨询
  • 我的图书馆
  • 登录
  • 详细信息显示
  • 放入我的书架
  • 预约/预借图书
  • 作者相关作品
  • 分类相关作品
  • 丛书相关作品
  • 出版社相关作品

书目信息

  • 表格格式
  • 工作单格式
  • 卡片格式
题名:
奥迪车系汽车电路图集
    
 
作者: 冯乐 编著
分册:  
出版信息: 北京   电子工业出版社  2015
页数: 178页
开本: 29cm
丛书名: 新编汽车电路图集系列丛书
单 册:
中图分类: U463.620.2
科图分类:
主题词: 汽车--电气设备--电路图
电子资源:
ISBN: 978-7-121-24221-2
000 00848nam0 2200241 450
001 3500
005 20160927091443.32
010    @a978-7-121-24221-2@b平装@dCNY65.00
100    @a20150506d2015 em y0chiy50 ea
101 0  @achi
102    @aCN@b110000
105    @aa z 000yy
200 1  @a奥迪车系汽车电路图集@9ao di che xi qi che dian lu tu ji@f冯乐编著
210    @a北京@c电子工业出版社@d2015
215    @a178页@d29cm
225 1  @a新编汽车电路图集系列丛书
300    @a最新版 全彩印刷
330    @a本书选取2013、2014年款奥迪车型,包括:A6L、A4L、A3、A8、Q7、Q5等。以汽车电控系统的检修资料为主,突出当今汽车维修技术的热点与难点,即对汽车电控系统的了解与维护。
606 0  @a汽车@x电气设备@x电路图
690    @aU463.620.2@v5
701  0 @a冯乐@9feng le@4编著
801  0 @aCN@b唐山师范学院图书馆@c20151001
905    @aZUCC@dU463.620.2@e331
    
    奥迪车系汽车电路图集/冯乐编著.-北京:电子工业出版社,2015
    178页;29cm.-(新编汽车电路图集系列丛书)
    最新版 全彩印刷
    
    ISBN 978-7-121-24221-2(平装):CNY65.00
    本书选取2013、2014年款奥迪车型,包括:A6L、A4L、A3、A8、Q7、Q5等。以汽车电控系统的检修资料为主,突出当今汽车维修技术的热点与难点,即对汽车电控系统的了解与维护。
●
相关链接 在E读中查询图书 在五车中查询图书 在当当中查询图书 在豆瓣中查询图书


正题名:奥迪车系汽车电路图集     索取号:U463.620.2/331         预约/预借

序号 登录号 条形码 馆藏地/架位号 状态 备注
1 905458   209054583   第二样本阅览室/ [索取号:U463.620.2/331] 在馆    
2 905459   209054592   密集书库-物理学院/ [索取号:U463.620.2/331] 在馆    
3 905460   209054609   第三借阅区/ [索取号:U463.620.2/331] 在馆    
4 905461   209054618   第三借阅区/ [索取号:U463.620.2/331] 在馆    
唐山师范学院图书馆 欢迎您!
大连网信软件有限公司© 版权所有